000 00341nam a22001577a 4500
003 SGT
082 _a611
_bH14G
100 _aGARG,KRISHNA
245 _aBD CHAURASIA'S HAND .BOOK OF GENERAL ANATOMY
250 _a5TH
260 _aDELHI
_bCBS PUB
_c2014
300 _a370
650 _aHOMOEOPATHIC
653 _aANATOMY
942 _2ddc
_cBK
999 _c18209
_d18209